Statistics for Marvel Ultimate Alliance 3 Boss Fights

Click here to take the quiz!

General Stats

  • This quiz has been taken 41 times
  • The average score is 31 of 40

Answer Stats

Answer% Correct
Green Goblin
100%
Magneto
100%
Kingpin
94%
Mysterio
94%
Sandman
94%
Thanos
94%
Ultron
94%
Bullseye
88%
Doctor Octopus
88%
Dormammu
88%
Juggernaut
88%
Loki
88%
Nebula
88%
Red Skull
88%
Venom
88%
Cull Obsidian
82%
Doctor Doom
82%
Ebony Maw
82%
Electro
82%
MODOK
82%
Mystique
82%
Ronan the Accuser
82%
Doctor Strange
76%
Proxima Midnight
76%
Corvus Glaive
71%
Elektra
71%
Hela
71%
Klaw
71%
Sentinels
71%
Supergiant
71%
Maximus
65%
Dark Phoenix
59%
Surtur
59%
Thane
59%
Miles Morales (Spider-Man)
53%
Spider-Gwen
53%
Ultimo
53%
Destroyer
47%
Morbius
47%
Ms. Marvel
47%

Score Distribution

Percentile by Number Answered

Percent of People with Each Score

Your Score History

You have not taken this quiz